[Event "Troy (US Am N/5/11)"]
[Site "?"]
[Date "1995.??.??"]
[Round "?"]
[White "Rutkofske, Lonnie"]
[Black "Libby, Dan"]
[Result "1-0"]
[WhiteElo "1915"]
[BlackElo "1695"]
[PlyCount "75"]
[EventDate "1995.??.??"]

{5/(11)} 1. c4 Nf6 2. Nc3 g6 3. g3 Bg7 4. Bg2 c5 5. e4 e5 6. Nge2 Nc6 7. d3 d6
8. O-O Be6 9. a3 Qd7 10. Rb1 a5 11. Nd5 Bxd5 12. cxd5 Nd4 13. Nxd4 exd4 14. b4
b6 15. bxc5 bxc5 16. Rb6 O-O 17. Bf4 Ne8 18. Qb3 Be5 19. Bh6 Ng7 20. f4 Bf6 21.
e5 Be7 22. Rb7 Qd8 23. Rb1 Re8 24. Bxg7 Kxg7 25. e6 Rc8 26. Rd7 Rb8 27. Qxb8
Qxb8 28. Rxb8 Rxb8 29. Rxe7 c4 30. Rxf7+ Kg8 31. dxc4 d3 32. Bf3 Rb2 33. Ra7 d2
34. Ra8+ Kg7 35. e7 Rb1+ 36. Kg2 Rb2 37. h3 Rb3 38. Bd1 1-0

[Event "Troy (US Am N/3/2)"]
[Site "?"]
[Date "1995.??.??"]
[Round "?"]
[White "Rutkofske, Lonnie"]
[Black "Eagle, Chris"]
[Result "0-1"]
[WhiteElo "1915"]
[BlackElo "2130"]
[PlyCount "58"]
[EventDate "1995.??.??"]

{3/(2)} 1. c4 Nf6 2. Nc3 g6 3. g3 Bg7 4. Bg2 O-O 5. Nf3 c6 6. O-O d5 7. cxd5
cxd5 8. d4 Nc6 9. Re1 Ne4 10. Qb3 e6 11. e3 Na5 12. Qd1 Nxc3 13. bxc3 Nc4 14.
Rb1 Qa5 15. Rb4 Bd7 16. Qb3 b5 17. Qc2 Rfc8 18. Bf1 Bf8 19. Rxc4 bxc4 20. Ne5
Ba4 21. Qe2 Qxc3 22. Bd2 Qb2 23. Qf3 f5 24. Ba5 c3 25. Ba6 c2 26. Nd3 Qa3 27.
Bxc8 Rxc8 28. Nc1 Bb5 29. Bd2 Bb4 0-1

[Event "Eastpointe (MCO/3/40)"]
[Site "?"]
[Date "1995.??.??"]
[Round "?"]
[White "Rucker, Ed"]
[Black "Young, L."]
[Result "0-1"]
[WhiteElo "1605"]
[BlackElo "1605"]
[PlyCount "130"]
[EventDate "1995.??.??"]

{3/(40)} 1. e4 c6 2. d4 d5 3. e5 Bf5 4. Nf3 e6 5. Nc3 Qb6 6. Bd3 c5 7. Bxf5
exf5 8. O-O cxd4 9. Nxd5 Qd8 10. Qxd4 Nc6 11. Qd1 Nge7 12. c4 Rc8 13. Bg5 h6
14. Bxe7 Bxe7 15. Re1 O-O 16. b3 Re8 17. Nd4 Nxd4 18. Qxd4 Bc5 19. Qf4 b5 20.
Rad1 Qg5 21. Qxg5 hxg5 22. b4 Bb6 23. c5 Bc7 24. Nxc7 Rxc7 25. Rd6 Rce7 26. Rd5
f6 27. e6 Rxe6 28. Rxe6 Rxe6 29. Kf1 Kf8 30. Rxf5 Ke7 31. Rd5 g6 32. f3 Re3 33.
Rd2 Ra3 34. Kf2 a5 35. c6 axb4 36. Rd7+ Ke8 37. Rd2 b3 38. axb3 Rxb3 39. Rc2
Kd8 40. Kg3 f5 41. Kf2 Kc7 42. g3 Rd3 43. Rc5 b4 44. Ke2 Rd8 45. Rb5 Rb8 46.
Rxb8 Kxb8 47. Kd3 Kc7 48. Kc4 Kxc6 49. Kxb4 Kd5 50. Kc3 g4 51. fxg4 fxg4 52.
Kd3 g5 53. Ke3 Ke5 54. Kf2 Kd4 55. Kg2 Ke3 56. h4 gxh3+ 57. Kxh3 Kf3 58. g4 Kf4
59. Kg2 Kxg4 60. Kg1 Kg3 61. Kh1 Kh3 62. Kg1 g4 63. Kh1 g3 64. Kg1 g2 65. Kf2
Kh2 0-1

[Event "Eastpointe (MCO/1/28)"]
[Site "?"]
[Date "1995.??.??"]
[Round "?"]
[White "Rucker, Ed"]
[Black "Ashton, Jeff"]
[Result "0-1"]
[WhiteElo "1605"]
[BlackElo "1805"]
[PlyCount "100"]
[EventDate "1995.??.??"]

{1/(28)} 1. e4 c5 2. Nf3 Nc6 3. Bc4 e6 4. O-O d5 5. exd5 exd5 6. Re1+ Be7 7.
Bb5 Bd7 8. Bxc6 Bxc6 9. d4 cxd4 10. Nxd4 Nf6 11. Nc3 O-O 12. Bg5 Re8 13. Qd2
Qd7 14. Bxf6 Bxf6 15. Nxc6 bxc6 16. Rxe8+ Rxe8 17. Rb1 Re6 18. Na4 Qe7 19. Kf1
Bg5 20. Qd3 Qd6 21. g3 d4 22. Qc4 Re5 23. Re1 Rxe1+ 24. Kxe1 Kf8 25. Nc5 Be7
26. Ne4 Qe5 27. f3 f5 28. Qxc6 fxe4 29. Qxe4 Qxe4+ 30. fxe4 Kf7 31. Kd2 Ke6 32.
g4 Ke5 33. Kd3 Bf6 34. a4 Kf4 35. h3 a5 36. b3 Kg3 37. g5 Be5 38. Kc4 Kxh3 39.
Kd5 Bf4 40. e5 Bxg5 41. e6 Kg3 42. Kd6 h5 43. b4 axb4 44. a5 b3 45. cxb3 d3 46.
a6 d2 47. a7 d1=Q+ 48. Kc7 Qc2+ 49. Kd7 Qa2 50. e7 Qxa7+ 0-1

[Event "Grand Rapids (MI Am/4/22)"]
[Site "?"]
[Date "1995.??.??"]
[Round "?"]
[White "Rozeboom, D."]
[Black "Slovinski, R."]
[Result "1-0"]
[WhiteElo "1605"]
[BlackElo "1605"]
[PlyCount "59"]
[EventDate "1995.??.??"]

{4/(22)} 1. e4 c5 2. Nf3 d6 3. d4 cxd4 4. Nxd4 Nf6 5. Nc3 g6 6. Be3 Bg7 7. h3
O-O 8. Qd2 Re8 9. Bc4 Nc6 10. O-O Ne5 11. Bb3 a6 12. f4 Nc6 13. Rae1 Nxd4 14.
Bxd4 Be6 15. Bxe6 fxe6 16. Qd3 Rf8 17. Ne2 Rc8 18. Ng3 Nd7 19. Bxg7 Qb6+ 20.
Qd4 e5 21. Qxb6 Nxb6 22. Bxf8 Rxf8 23. fxe5 dxe5 24. Rxf8+ Kxf8 25. h4 Kf7 26.
Rf1+ Ke6 27. Rf8 Nc4 28. b3 Ne3 29. c3 Nd1 30. Rb8 1-0

[Event "Grand Rapids (MI Am/2/41)"]
[Site "?"]
[Date "1995.??.??"]
[Round "?"]
[White "Rozeboom, D."]
[Black "Pecot, Dave"]
[Result "1-0"]
[WhiteElo "1605"]
[BlackElo "1605"]
[PlyCount "53"]
[EventDate "1995.??.??"]

{2/(41)} 1. e4 e5 2. Nf3 f5 3. exf5 e4 4. Ne5 Nf6 5. d3 Qe7 6. Ng4 exd3+ 7. Ne3
d5 8. Qxd3 c5 9. Be2 Nc6 10. Nxd5 Nxd5 11. Qxd5 Nb4 12. Qd1 Bxf5 13. Na3 Rd8
14. Bd2 Qe6 15. O-O h5 16. Bb5+ Kf7 17. Bc4 Nd5 18. Re1 Qc6 19. Qf3 g6 20. Bg5
Bg7 21. Bxd8 Rxd8 22. Rad1 Bd4 23. c3 Re8 24. Bxd5+ Qxd5 25. Qxd5+ Be6 26. Rxe6
Rxe6 27. Re1 1-0

[Event "Eastpointe (MCO/6/12)"]
[Site "?"]
[Date "1995.??.??"]
[Round "?"]
[White "Rotberg, Victor"]
[Black "Turner, Keita"]
[Result "1-0"]
[WhiteElo "1785"]
[BlackElo "1900"]
[PlyCount "57"]
[EventDate "1995.??.??"]

{6/(12)} 1. e4 c5 2. Nf3 Nc6 3. d4 cxd4 4. Nxd4 g6 5. c4 Bg7 6. Be3 Nf6 7. Nc3
Ng4 8. Qxg4 Nxd4 9. Qd1 Nc6 10. Be2 O-O 11. O-O d6 12. Qd2 Ne5 13. Bh6 Be6 14.
b3 Rc8 15. Bxg7 Kxg7 16. Nd5 Bxd5 17. exd5 Qb6 18. Kh1 h5 19. Qc3 f6 20. h3 Rh8
21. g3 Qc5 22. f4 Nd7 23. Rae1 Qxd5+ 24. Bf3 Qf5 25. Kg2 Rce8 26. Bxb7 Nc5 27.
Bc6 Nd7 28. b4 Rc8 29. Rxe7+ 1-0

[Event "East Lansing (MOR/1b/1)"]
[Site "?"]
[Date "1995.??.??"]
[Round "?"]
[White "Rotberg, Victor"]
[Black "Tsuji, J."]
[Result "1-0"]
[WhiteElo "1795"]
[BlackElo "1605"]
[PlyCount "137"]
[EventDate "1995.??.??"]

1. e4 e5 2. Nf3 Nf6 3. Nxe5 d6 4. Nf3 Nxe4 5. d4 d5 6. Bd3 Be7 7. O-O Nc6 8.
Nbd2 Bg4 9. c3 f5 10. Qc2 Bxf3 11. Nxf3 O-O 12. Bb5 Qd6 13. Bxc6 Qxc6 14. Ne5
Qe6 15. f3 Nf6 16. Bf4 Nh5 17. Bd2 Bd6 18. Rae1 Qc8 19. Qb3 c6 20. Re2 Qc7 21.
Bg5 Bxe5 22. Rxe5 h6 23. Bc1 Rae8 24. Rfe1 Qd7 25. Qa3 Rxe5 26. Rxe5 a6 27. Re7
Qc8 28. Kf2 Re8 29. b3 Rxe7 30. Qxe7 Qb8 31. g3 Qc8 32. Qh4 Qe8 33. g4 fxg4 34.
Qxg4 Nf6 35. Qg3 Kh7 36. Qe5 Kg8 37. Bxh6 Qxe5 38. dxe5 gxh6 39. exf6 Kf7 40.
Kg3 Kxf6 41. Kf4 b6 42. Kg4 Kg6 43. f4 c5 44. f5+ Kf6 45. Kf4 b5 46. a3 a5 47.
b4 axb4 48. axb4 cxb4 49. cxb4 d4 50. Ke4 d3 51. Kxd3 Kxf5 52. Kd4 h5 53. Kc5
h4 54. Kxb5 Kf4 55. Kc6 Kf3 56. b5 Kg2 57. b6 Kxh2 58. b7 h3 59. b8=Q+ Kg2 60.
Qb2+ Kg1 61. Qc1+ Kg2 62. Qd2+ Kg1 63. Qe1+ Kg2 64. Qe4+ Kg3 65. Qh1 h2 66. Kd5
Kh3 67. Ke4 Kg3 68. Ke3 Kh3 69. Kf4 1-0

[Event "Eastpointe (MCO/4/11)"]
[Site "?"]
[Date "1995.??.??"]
[Round "?"]
[White "Rotberg, Victor"]
[Black "Smith, Walt"]
[Result "0-1"]
[WhiteElo "1785"]
[BlackElo "2045"]
[PlyCount "138"]
[EventDate "1995.??.??"]

{4/(11)} 1. e4 c5 2. Nf3 Nc6 3. c4 Nf6 4. Nc3 g6 5. d4 cxd4 6. Nxd4 Bg7 7. Be3
O-O 8. Be2 b6 9. Nxc6 dxc6 10. Qxd8 Rxd8 11. f3 Be6 12. O-O Ne8 13. Rac1 Bd4
14. Kf2 f5 15. exf5 gxf5 16. Rfd1 Bf6 17. g3 Bf7 18. c5 b5 19. a3 Bb3 20. Rxd8
Rxd8 21. f4 Nc7 22. Bf3 Nd5 23. Nxd5 Bxd5 24. Rc2 Bxf3 25. Kxf3 Rd3 26. Ke2 Rb3
27. Bc1 Kf7 28. Kd1 Bd4 29. Re2 a5 30. Kc2 a4 31. Kd1 Rd3+ 32. Kc2 Rf3 33. Bd2
Rb3 34. Bc1 Kf6 35. Kb1 Rf3 36. Ka2 Rf2 37. Rxf2 Bxf2 38. b4 axb3+ 39. Kxb3
Bxc5 40. a4 bxa4+ 41. Kxa4 Bg1 42. h3 h5 43. Bd2 Bf2 44. Kb4 Ke6 45. Kc4 Bxg3
46. Kc5 Kd7 47. Be3 Be1 48. Kc4 Ba5 49. Kc5 Bc7 50. Kc4 Bd6 51. Bd2 Ba3 52. Be3
Bb2 53. Bd2 Bg7 54. Kc5 Bf8 55. Kc4 Bh6 56. Kd4 e6 57. Bc1 Bf8 58. Bd2 Ba3 59.
Kc4 Bb2 60. Be3 e5 61. Kd3 Kd6 62. Kc4 Bd4 63. Bxd4 exd4 64. Kxd4 c5+ 65. Kc4
Kc6 66. Kc3 Kd5 67. Kd3 c4+ 68. Ke3 h4 69. Kf3 Kd4 0-1

[Event "East Lansing (MOR/7/4)"]
[Site "?"]
[Date "1995.??.??"]
[Round "?"]
[White "Rotberg, Victor"]
[Black "Hartwig, Thomas"]
[Result "0-1"]
[WhiteElo "1795"]
[BlackElo "1605"]
[PlyCount "82"]
[EventDate "1995.??.??"]

{7/(4)} 1. e4 e6 2. d4 d5 3. Nc3 Bb4 4. e5 c5 5. Nf3 cxd4 6. Nxd4 Qc7 7. Nf3
Bxc3+ 8. bxc3 Qxc3+ 9. Bd2 Qc7 10. Bd3 Nc6 11. Qe2 Nge7 12. O-O Ng6 13. Bb5 Bd7
14. Bxc6 Bxc6 15. Bb4 Ne7 16. Bd6 Qd7 17. c4 Nf5 18. Ba3 dxc4 19. Rfd1 Bd5 20.
g4 Ne7 21. Qc2 Qc7 22. Bd6 Qd7 23. Qc3 Bxf3 24. Qxf3 Qc6 25. Qa3 Nd5 26. Rac1
Nf4 27. f3 Ne2+ 28. Kf1 Nxc1 29. Rxc1 f6 30. Kg2 Kf7 31. exf6 gxf6 32. Bg3 h5
33. h3 hxg4 34. hxg4 Rhd8 35. Qb2 Qd5 36. Rc2 Rac8 37. Bh4 c3 38. Qb4 Rc4 39.
Qb3 Rxg4+ 40. Bg3 Qxb3 41. axb3 Rd2+ 0-1

[Event "East Lansing (MOR/5/5)"]
[Site "?"]
[Date "1995.??.??"]
[Round "?"]
[White "Rotberg, Victor"]
[Black "Harris, G."]
[Result "1/2-1/2"]
[WhiteElo "1795"]
[BlackElo "1605"]
[PlyCount "36"]
[EventDate "1995.??.??"]

{5/(5)} 1. e4 e6 2. d4 d5 3. Nc3 Bb4 4. e5 Ne7 5. a3 Bxc3+ 6. bxc3 c5 7. Bd3
Nbc6 8. Qg4 Qc7 9. Nf3 Bd7 10. Bd2 c4 11. Be2 Nf5 12. Qf4 h6 13. h4 O-O-O 14.
g4 Nfe7 15. Qxf7 Rdf8 16. Qxg7 Rfg8 17. Qf7 Rf8 18. Qg7 Rfg8 1/2-1/2

[Event "East Lansing (MOR/3/1)"]
[Site "?"]
[Date "1995.??.??"]
[Round "?"]
[White "Rotberg, Victor"]
[Black "Choyke, J."]
[Result "0-1"]
[WhiteElo "1795"]
[BlackElo "1635"]
[PlyCount "154"]
[EventDate "1995.??.??"]

{3/(1)} 1. e4 e5 2. Nf3 Nc6 3. Bb5 Nd4 4. Bc4 Nxf3+ 5. Qxf3 Qf6 6. Qb3 Bc5 7.
O-O Ne7 8. Qg3 Ng6 9. Nc3 c6 10. d3 Nf4 11. Be3 Bd4 12. Bxf4 exf4 13. Qf3 d6
14. Rae1 g5 15. Qh5 Qg6 16. Qxg6 hxg6 17. e5 Bxc3 18. bxc3 d5 19. Bb3 a5 20. a4
Be6 21. Rb1 O-O-O 22. c4 dxc4 23. dxc4 Rd4 24. c3 Rd3 25. Rfc1 Rhd8 26. h3 g4
27. hxg4 Bxg4 28. f3 Be6 29. c5 Bxb3 30. Rxb3 Re3 31. Rcb1 Rd7 32. Kf2 Rxe5 33.
R1b2 Rxc5 34. Re2 Rcd5 35. Ke1 Rd1+ 36. Kf2 Ra1 37. Re8+ Kc7 38. Re4 Rd2+ 39.
Re2 Rxe2+ 40. Kxe2 Rxa4 41. Rb2 b5 42. Kd3 f5 43. Re2 Kd6 44. Rd2 Kc5 45. Rb2
Ra3 46. Re2 b4 47. Re6 Rxc3+ 48. Kd2 Rc4 49. Rxg6 Rd4+ 50. Kc2 Rd5 51. g4 fxg3
52. Rxg3 Kd4 53. Rg6 c5 54. Re6 c4 55. f4 Rb5 56. Rd6+ Ke4 57. Rc6 c3 58. Rc4+
Kd5 59. Rc8 Rc5 60. Re8 Kc4 61. Rb8 Rd5 62. Rc8+ Kd4 63. Kb3 Ke4 64. Rc4+ Rd4
65. Rc5 Kxf4 66. Rxa5 Ke4 67. Ra8 f4 68. Re8+ Kd3 69. Re1 f3 70. Rd1+ Ke3 71.
Re1+ Kd2 72. Re8 Rf4 73. Rd8+ Ke1 74. Re8+ Kf1 75. Kc2 f2 76. Rh8 Ke2 77. Re8+
Kf3 0-1

[Event "Eastpointe (MCO/2/7)"]
[Site "?"]
[Date "1995.??.??"]
[Round "?"]
[White "Rotberg, Victor"]
[Black "Carroll, Deuvoy"]
[Result "0-1"]
[WhiteElo "1785"]
[BlackElo "2130"]
[PlyCount "100"]
[EventDate "1995.??.??"]

{2/(7)} 1. e4 d5 2. exd5 Qxd5 3. Nc3 Qa5 4. d4 c6 5. Bd2 Qb6 6. Bc1 Nf6 7. Bc4
Bg4 8. Nge2 e6 9. O-O Bd6 10. Rb1 Nbd7 11. Be3 Qa5 12. Qd2 Qc7 13. h3 Bf5 14.
Bd3 Bg6 15. Rfe1 Bh2+ 16. Kh1 Bd6 17. Kg1 O-O 18. Bxg6 hxg6 19. Rbd1 Nb6 20. b3
Bb4 21. Qc1 Qe7 22. Bg5 Nbd5 23. Nxd5 cxd5 24. c3 Rac8 25. Qe3 Ba5 26. Rd3 Qa3
27. b4 Bb6 28. Bxf6 gxf6 29. Qh6 Bc7 30. h4 Qa4 31. h5 g5 32. Rf3 Bd8 33. Ng3
Qc2 34. Re2 Qh7 35. Qxh7+ Kxh7 36. Nf1 f5 37. Ree3 g4 38. Rf4 Bg5 39. g3 Rc7
40. f3 Bxf4 41. gxf4 gxf3 42. Rxf3 Rfc8 43. Rg3 Rxc3 44. Kh2 Rxg3 45. Nxg3 Rc2+
46. Kh3 Rxa2 47. Kh4 b6 48. Kg5 Rg2 49. Kh4 a5 50. Kh3 Rxg3+ 0-1

[Event "East Lansing (Class B/4/9)"]
[Site "?"]
[Date "1995.??.??"]
[Round "?"]
[White "Rostrom, Richard"]
[Black "Horton, Deon"]
[Result "1-0"]
[WhiteElo "1610"]
[BlackElo "1755"]
[PlyCount "104"]
[EventDate "1995.??.??"]

{4/(9)} 1. c4 e5 2. Nc3 Nc6 3. g3 Bc5 4. Bg2 Nge7 5. d3 O-O 6. Nf3 d6 7. O-O f5
8. a3 a6 9. b4 Ba7 10. Bg5 Qe8 11. Qd2 Be6 12. h3 f4 13. gxf4 exf4 14. Bxf4 Qh5
15. Kh2 Nd4 16. Nxd4 Bxd4 17. Bg3 Nf5 18. e3 Nxg3 19. fxg3 Rxf1 20. Rxf1 Bxc3
21. Qxc3 Qe2 22. Re1 Qh5 23. Rf1 c6 24. Qd4 d5 25. c5 Qe2 26. e4 Bxh3 27. Rf2
Qd1 28. Bxh3 dxe4 29. Qxe4 Qh5 30. Qe6+ Kh8 31. Qf7 g6 32. Kg2 Qd5+ 33. Kg1 Qe5
34. Qf6+ Qxf6 35. Rxf6 Kg7 36. Rd6 Kh6 37. Bg2 a5 38. b5 cxb5 39. Bxb7 Re8 40.
Kf2 Re7 41. Rb6 Kg5 42. Rxb5 Kg4 43. Bf3+ Kg5 44. c6+ Kf6 45. Rb7 Re8 46. c7
Rc8 47. Bg4 Rxc7 48. Rxc7 h5 49. Bf3 a4 50. d4 g5 51. Bxh5 Ke6 52. Bg4+ Kd5 1-0

[Event "East Lansing (Class B/2/10)"]
[Site "?"]
[Date "1995.??.??"]
[Round "?"]
[White "Rostrom, Richard"]
[Black "Brinks, K."]
[Result "1-0"]
[WhiteElo "1610"]
[BlackElo "1650"]
[PlyCount "51"]
[EventDate "1995.??.??"]

{2/(10)} 1. c4 Nf6 2. Nc3 Nc6 3. g3 d6 4. Bg2 Bf5 5. d3 e5 6. e4 Bg6 7. Nge2
Be7 8. O-O h5 9. f4 exf4 10. Nxf4 Ne5 11. Nxg6 Nxg6 12. Bg5 h4 13. Bxf6 Bxf6
14. Nd5 Bxb2 15. Rb1 Bd4+ 16. Kh1 hxg3 17. h3 c6 18. Rxb7 f6 19. Nc7+ Kf7 20.
Nb5+ Kg8 21. Nxd4 Qc8 22. Qb3 Rxh3+ 23. Kg1 c5 24. Nf5 Rh7 25. Rb1 Nf4 26. Ne7+
1-0

[Event "Ann Arbor (HVA/2/10)"]
[Site "?"]
[Date "1995.??.??"]
[Round "?"]
[White "Ross, A."]
[Black "Serwatowski, Felix"]
[Result "1-0"]
[WhiteElo "1605"]
[BlackElo "1605"]
[PlyCount "61"]
[EventDate "1995.??.??"]

{2/(10)} 1. e4 e5 2. Nf3 d6 3. d4 exd4 4. Nxd4 Nf6 5. Nc3 Be7 6. Be2 O-O 7. Be3
Nbd7 8. f4 a6 9. O-O b5 10. Nf5 Bb7 11. Bf3 Re8 12. Qe1 Bf8 13. Qg3 Nxe4 14.
Nxe4 Bxe4 15. Nh6+ Kh8 16. Nxf7+ Kg8 17. Nxd8 Raxd8 18. Bxe4 Rxe4 19. Rae1 Nf6
20. c3 Rde8 21. Bd4 Nd5 22. Rxe4 Rxe4 23. Re1 Rxf4 24. Re8 Rf7 25. Qe1 c5 26.
Bf2 Nc7 27. Rc8 g6 28. Bg3 Kg7 29. Rxf8 Kxf8 30. Bxd6+ Kg8 31. Bxc7 1-0

[Event "Ann Arbor (HVA/3/8)"]
[Site "?"]
[Date "1995.??.??"]
[Round "?"]
[White "Ross, A."]
[Black "Kung, Fred"]
[Result "0-1"]
[WhiteElo "1605"]
[BlackElo "1880"]
[PlyCount "54"]
[EventDate "1995.??.??"]

{3/(8)} 1. e4 e6 2. d4 d5 3. e5 c5 4. f4 cxd4 5. Nf3 Qa5+ 6. Bd2 Qb6 7. b3 Nc6
8. Bd3 h5 9. h4 Nh6 10. Nh2 g6 11. g4 Be7 12. g5 Nf5 13. Bxf5 exf5 14. Qe2 Nb4
15. Bxb4 Bxb4+ 16. Nd2 Bd7 17. O-O-O Bb5 18. Qf2 Ba3+ 19. Kb1 Qc5 20. Nc4 dxc4
21. Qxd4 O-O 22. Qxc5 Bxc5 23. Rhe1 Rad8 24. Kc1 Rxd1+ 25. Rxd1 Be3+ 26. Kb1
Bxf4 27. Rd5 Bc6 0-1

[Event "Troy (TCC Beg/4/3)"]
[Site "?"]
[Date "1995.??.??"]
[Round "?"]
[White "Ross, A."]
[Black "Fuson, R."]
[Result "0-1"]
[WhiteElo "1605"]
[BlackElo "1605"]
[PlyCount "106"]
[EventDate "1995.??.??"]

{4/(3)} 1. e4 d5 2. exd5 Nf6 3. c4 e6 4. dxe6 Bxe6 5. d4 c6 6. Nf3 Bb4+ 7. Bd2
Bxd2+ 8. Nbxd2 Bg4 9. Be2 O-O 10. O-O Re8 11. Re1 Bxf3 12. Nxf3 Nbd7 13. Bd3
Rxe1+ 14. Qxe1 h6 15. Qe2 Rc8 16. Re1 Qe8 17. Ne5 Nxe5 18. dxe5 Nd7 19. Bf5 Rd8
20. e6 Nf6 21. exf7+ Kxf7 22. Qxe8+ Rxe8 23. Rxe8 Kxe8 24. Bc8 b6 25. Ba6 c5
26. Bb5+ Ke7 27. a3 Ne4 28. f3 Nd2 29. b4 Kd6 30. bxc5+ Kxc5 31. Kf2 Nxc4 32.
a4 a5 33. Ke2 Kd4 34. Be8 Nd6 35. Bd7 Kc4 36. Kd2 b5 37. Kc2 Kb4 38. Bxb5 Nxb5
39. axb5 Kxb5 40. Kb3 a4+ 41. Ka3 g5 42. g3 Kc5 43. Kxa4 Kd4 44. h4 gxh4 45.
gxh4 Ke3 46. h5 Kxf3 47. Kb4 Kg4 48. Kc4 Kxh5 49. Kd4 Kg4 50. Ke4 h5 51. Ke3
Kg3 52. Ke2 Kg2 53. Ke1 h4 0-1

[Event "Troy (TCC Beg/2/3)"]
[Site "?"]
[Date "1995.??.??"]
[Round "?"]
[White "Ross, A."]
[Black "Dory, T."]
[Result "0-1"]
[WhiteElo "1605"]
[BlackElo "1605"]
[PlyCount "82"]
[EventDate "1995.??.??"]

{2/(3)} 1. e4 c5 2. Nf3 d6 3. d4 cxd4 4. Nxd4 Nf6 5. Nc3 e6 6. Be2 Be7 7. Be3
O-O 8. f4 a6 9. f5 e5 10. Nf3 Ng4 11. Qd2 Nxe3 12. Qxe3 Nd7 13. Nd5 b5 14.
O-O-O Bb7 15. Kb1 Rc8 16. Rd2 Nf6 17. Nxf6+ Bxf6 18. g4 d5 19. g5 d4 20. Qg1
Bxe4 21. gxf6 Qxf6 22. Qg5 Qxg5 23. Nxg5 Bxh1 24. Bd3 h6 25. Ne4 g5 26. Nf6+
Kg7 27. Nh5+ Kh8 28. Ng3 Bf3 29. Rf2 g4 30. f6 Rc6 31. Nh5 e4 32. Be2 e3 33.
Rxf3 gxf3 34. Bxf3 Rg8 35. a4 Re6 36. Be2 Re4 37. axb5 axb5 38. Ng3 Re5 39. Bh5
Rxg3 40. hxg3 Rxh5 41. b3 e2 0-1

[Event "Troy (TCC Beg/5/4)"]
[Site "?"]
[Date "1995.??.??"]
[Round "?"]
[White "Ross, A."]
[Black "Butler, G."]
[Result "1-0"]
[WhiteElo "1605"]
[BlackElo "1605"]
[PlyCount "41"]
[EventDate "1995.??.??"]

{5/(4)} 1. e4 e5 2. Nf3 Nc6 3. Bb5 Nf6 4. O-O Nxe4 5. d4 exd4 6. Nxd4 Nxd4 7.
Qxd4 Nf6 8. Re1+ Be7 9. Nc3 O-O 10. Be3 d6 11. Nd5 Nxd5 12. Qxd5 c6 13. Bxc6
bxc6 14. Qxc6 Bd7 15. Qb7 Rb8 16. Qxa7 Rxb2 17. Re2 Bg5 18. Bxg5 Qxg5 19. Qxd7
Rd8 20. Re8+ Rxe8 21. Qxe8# 1-0

[Event "Troy (US Am N/3/25)"]
[Site "?"]
[Date "1995.??.??"]
[Round "?"]
[White "Rosenberg, Steve"]
[Black "Williams, C."]
[Result "0-1"]
[WhiteElo "1740"]
[BlackElo "1605"]
[PlyCount "80"]
[EventDate "1995.??.??"]

{3/(25)} 1. d4 d5 2. e3 Nf6 3. Bd3 Nc6 4. c3 e5 5. dxe5 Nxe5 6. Be2 Bc5 7. Nf3
Nxf3+ 8. Bxf3 Bf5 9. O-O Qd7 10. b4 Bb6 11. a4 c6 12. Be2 O-O 13. Nd2 Bc7 14.
Bb2 Qd6 15. g3 Bh3 16. Re1 Rad8 17. Bf1 Qe6 18. Bg2 Ne4 19. Nxe4 dxe4 20. Qc2
Bxg2 21. Kxg2 Qf5 22. Qe2 Rd6 23. Rad1 Rfd8 24. Rxd6 Rxd6 25. c4 Qd7 26. Bc3
Rd3 27. Qb2 Qg4 28. Bd4 a6 29. b5 Ba5 30. Rf1 Qf3+ 31. Kg1 Rd2 32. Qb1 h5 33.
h4 Bc7 34. Bc3 Re2 35. Qd1 Bxg3 36. Be1 Bxh4 37. bxa6 bxa6 38. Qb1 Qg4+ 39. Kh1
Qh3+ 40. Kg1 Bg3 0-1

[Event "Detroit (MI Team/4/1/2)"]
[Site "?"]
[Date "1995.??.??"]
[Round "?"]
[White "Rosenberg, Steve"]
[Black "Stone, Ray"]
[Result "0-1"]
[WhiteElo "1725"]
[BlackElo "2425"]
[PlyCount "64"]
[EventDate "1995.??.??"]

{4/1} 1. e4 c5 2. Nf3 Nc6 3. g3 g6 4. Bg2 Bg7 5. Nc3 d6 6. d3 Nf6 7. O-O O-O 8.
Ne1 Rb8 9. Bg5 b5 10. Bxf6 Bxf6 11. f4 b4 12. e5 dxe5 13. Ne4 Bg7 14. Nxc5 Qd4+
15. Kh1 Qxc5 16. fxe5 Bxe5 17. Rb1 Bg7 18. Nf3 Bb7 19. h3 Nd4 20. Nxd4 Bxg2+
21. Kxg2 Bxd4 22. Qe2 Rbc8 23. c3 bxc3 24. bxc3 Qxc3 25. Kh1 Qc6+ 26. Rf3 Rb8
27. Rbf1 Rb2 28. Qd1 Rc8 29. h4 Qc2 30. Qxc2 Rcxc2 31. R3f2 Bxf2 32. h5 Bd4 0-1

[Event "Troy (US Am N/1/35)"]
[Site "?"]
[Date "1995.??.??"]
[Round "?"]
[White "Rosenberg, Steve"]
[Black "Smalec, Joseph"]
[Result "1-0"]
[WhiteElo "1740"]
[BlackElo "1605"]
[PlyCount "55"]
[EventDate "1995.??.??"]

{1/(35)} 1. d4 d5 2. e3 Bf5 3. c4 e6 4. Nf3 Bb4+ 5. Bd2 Bxd2+ 6. Nbxd2 Nf6 7.
Be2 Ng4 8. h3 Nf6 9. Nh4 O-O 10. Nxf5 exf5 11. cxd5 Nxd5 12. Bf3 Nc6 13. Qb3
Ncb4 14. a3 Nxe3 15. fxe3 Nc6 16. O-O Qe8 17. Rae1 f4 18. Qxb7 fxe3 19. Nc4
Nxd4 20. Qxa8 Nxf3+ 21. Qxf3 Qb5 22. Nxe3 Qg5 23. Qg4 Qc5 24. Kh1 g5 25. Nf5 h5
26. Qxg5+ Kh7 27. Qh6+ Kg8 28. Qg7# 1-0

[Event "East Lansing (MOR/2/13)"]
[Site "?"]
[Date "1995.??.??"]
[Round "?"]
[White "Rosenberg, Steve"]
[Black "McNamara, Ron"]
[Result "1-0"]
[WhiteElo "1705"]
[BlackElo "1605"]
[PlyCount "67"]
[EventDate "1995.??.??"]

{2/(13)} 1. e4 e6 2. d4 d5 3. exd5 exd5 4. Bd3 Nc6 5. c3 Nf6 6. Bg5 Be7 7. Ne2
Ne4 8. Bf4 Bd6 9. Qc1 Ne7 10. f3 Nf6 11. Bg5 Bf5 12. Qe3 Bxd3 13. Qxd3 Ng6 14.
Nd2 h6 15. Be3 Qe7 16. O-O-O c6 17. Rde1 O-O 18. Ng3 Qc7 19. Nf5 Nf4 20. Qf1
Rfe8 21. g3 Ng6 22. Qh3 Kf8 23. Bxh6 Qd7 24. Bxg7+ Kg8 25. Bxf6 Re6 26. Rxe6
Qxe6 27. Nh6+ Kf8 28. Qxe6 fxe6 29. Ng4 Kf7 30. Bg5 Rh8 31. f4 Nf8 32. Nf3 Kg6
33. Nge5+ Kf5 34. g4+ 1-0

[Event "East Lansing (MOR/6/4)"]
[Site "?"]
[Date "1995.??.??"]
[Round "?"]
[White "Rosenberg, Steve"]
[Black "Gramlich, Allen"]
[Result "0-1"]
[WhiteElo "1705"]
[BlackElo "1605"]
[PlyCount "106"]
[EventDate "1995.??.??"]

{6/(4)} 1. e4 d6 2. f4 Nf6 3. d3 g6 4. g3 c5 5. Bg2 Bg7 6. Nf3 Nc6 7. c3 Qb6 8.
Nbd2 Ng4 9. Nc4 Qa6 10. Ne3 Nxe3 11. Bxe3 Qb5 12. Qd2 b6 13. O-O O-O 14. Nh4
Rb8 15. Rf2 Ba6 16. Bf1 Qa5 17. Bg2 Qb5 18. Bf1 Qa5 19. Qd1 b5 20. f5 Ne5 21.
d4 Nd7 22. dxc5 Nxc5 23. Bxc5 dxc5 24. Qd7 Qb6 25. Qd2 b4 26. Bxa6 Qxa6 27. Kg2
bxc3 28. bxc3 Qc4 29. Qc2 Qxc3 30. Qxc3 Bxc3 31. Raf1 Bd4 32. Rc2 Rb2 33. Rxb2
Bxb2 34. Rb1 Rb8 35. Rd1 c4 36. Nf3 c3 37. Ne1 Rc8 38. Nc2 Rc4 39. Kf3 Ra4 40.
a3 gxf5 41. exf5 h5 42. h3 Ra5 43. Kf4 f6 44. g4 hxg4 45. hxg4 Bxa3 46. g5 Ra4+
47. Kf3 fxg5 48. Ra1 Rf4+ 49. Kg2 Bc5 50. f6 Rf2+ 51. Kh1 Rxc2 52. f7+ Kxf7 53.
Ra2 Rc1+ {Remainder illegible; 0-1, 61?]} 0-1

[Event "Detroit (MI Team/2/2/2)"]
[Site "?"]
[Date "1995.??.??"]
[Round "?"]
[White "Rosenberg, Steve"]
[Black "Finegold, Ron"]
[Result "0-1"]
[WhiteElo "1725"]
[BlackElo "2230"]
[PlyCount "113"]
[EventDate "1995.??.??"]

{2/2} 1. e4 e6 2. Nf3 d5 3. exd5 exd5 4. d4 c6 5. Bf4 Nf6 6. Be2 Bd6 7. Bxd6
Qxd6 8. c3 O-O 9. Qc2 Ne4 10. O-O Qh6 11. Nbd2 Bf5 12. Bd3 Nxd2 13. Nxd2 Bxd3
14. Qxd3 Nd7 15. Nf3 f5 16. Rfe1 Qh5 17. Re7 Rad8 18. Qe2 Kh8 19. Re1 h6 20.
Qe6 Nf6 21. Rxb7 Rfe8 22. Re7 Rxe7 23. Qxe7 Re8 24. Qxa7 Rxe1+ 25. Nxe1 Qe2 26.
g3 Qxe1+ 27. Kg2 Qe4+ 28. Kg1 Kh7 29. Qa6 Qb1+ 30. Kg2 Qxb2 31. Qc8 Qc2 32. h3
Qe4+ 33. Kg1 Qf3 34. Qb7 Ne4 35. Qb2 f4 36. gxf4 Qxh3 37. a4 Qg4+ 38. Kf1 h5
39. a5 h4 40. Qe2 Qxe2+ 41. Kxe2 Nxc3+ 42. Kf3 Nb5 43. Kg4 Nxd4 44. Kxh4 c5 45.
a6 Nc6 46. Kg4 c4 47. Kf3 Kg6 48. Ke3 Kf5 49. Kd2 d4 50. Kc2 Ke4 51. f3+ Ke3
52. f5 Ke2 53. f6 gxf6 54. f4 d3+ 55. Kb2 d2 56. f5 d1=Q 57. Kc3 0-1